Catálogo
 En Linea

500 Anni Dopo Colombo : (Registro nro. 59505)

Detalles MARC
000 -CABECERA
campo de control de longitud fija 01578nam a2200265 i 4500
003 - IDENTIFICADOR DEL NÚMERO DE CONTROL
campo de control DO-SdBNP
005 - FECHA Y HORA DE LA ÚLTIMA TRANSACCIÓN
campo de control 20250711115734.0
007 - CAMPO FIJO DE DESCRIPCIÓN FÍSICA--INFORMACIÓN GENERAL
campo de control de longitud fija ta
008 - DATOS DE LONGITUD FIJA--INFORMACIÓN GENERAL
campo de control de longitud fija 250711b2006 sp abc|| |||| 00| 0 spa d
040 ## - FUENTE DE LA CATALOGACIÓN
Centro catalogador/agencia de origen DO-SdBNP
Lengua de catalogación spa
Centro/agencia transcriptor BNPHU
Normas de descripción rda
041 ## - CÓDIGO DE LENGUA
Código de lengua del texto/banda sonora o título independiente spa
082 #4 - NÚMERO DE LA CLASIFICACIÓN DECIMAL DEWEY
Número de clasificación xxx
Número de documento/Ítem C719q
Número de edición 22
245 10 - MENCIÓN DE TÍTULO
Título 500 Anni Dopo Colombo :
Resto del título Atti dell'incontro storico culturale su Cristoforo Colombo /
Mención de responsabilidad, etc. Fondazione Casa America, Genova.
246 ## - FORMA VARIANTE DE TÍTULO
Título propio/Titulo breve Quinientos años después de Colón Cristóbal Actas de la reunión en la Casa América de Génova.
264 ## - PRODUCCIÓN, PUBLICACIÓN, DISTRIBUCIÓN, FABRICACIÓN Y COPYRIGHT
Producción, publicación, distribución, fabricación y copyright Génova :
Nombre del de productor, editor, distribuidor, fabricante Fondazione Casa America, Genova,
Fecha de producción, publicación, distribución, fabricación o copyright 2006.
300 ## - DESCRIPCIÓN FÍSICA
Extensión 136 páginas :
Otras características físicas ilustraciones, mapas, retratos ;
Dimensiones 23 cm.
336 ## - TIPO DE CONTENIDO
Término de tipo de contenido texto
Código de tipo de contenido txt
Fuente rdacontent
337 ## - TIPO DE MEDIO
Nombre/término del tipo de medio sin mediación
Código del tipo de medio n
Fuente rdamedia
338 ## - TIPO DE SOPORTE
Nombre/término del tipo de soporte volumen
Código del tipo de soporte nc
Fuente rdacarrier
500 ## - NOTA GENERAL
Nota general Incluye referencias bibliográficas y notas al pie de las páginas
505 ## - NOTA DE CONTENIDO CON FORMATO
Nota de contenido con formato Roberto Speciale --
Título Anna Castellano --
-- Cristóbal Colón XX --
-- Cristoforo Colombo e le grandi famiglie genovesi del suo tempo /
Mención de responsabilidad Gabriella Airaldi--<br/><br/><br/>
Título Últimos días y muerte de Cristóbal Colón /<br/>
Mención de responsabilidad Alfonso Assini --
-- Sara Alonso Gómez --<br/><br/>
-- André Brea Cabrera --
520 ## - SUMARIO, ETC.
Sumario, etc. Este libro reúne los actos o las actas de un encuentro histórico-cultural dedicado a Cristoforo Colombo, organizado para conmemorar el quinto centenario de su llegada a América. A través de una serie de conferencias, exposiciones y mesas redondas, se exploran diversos aspectos de la figura de Colombo, su legado y su impacto en la historia mundial.
910 ## - DATOS DE OPCIÓN DEL USUARIO (OCLC)
Datos de opción del usuario LP
942 ## - ELEMENTOS DE PUNTO DE ACCESO ADICIONAL (KOHA)
Fuente del sistema de clasificación o colocación Dewey Decimal Classification
Tipo de ítem Koha Libro
Existencias
Estado de retiro Estado de pérdida Fuente del sistema de clasificación o colocación Restricciones de uso No para préstamo Código de colección Localización permanente Ubicación/localización actual Ubicación en estantería Fecha de adquisición Fuente de adquisición Total de préstamos Signatura topográfica completa Código de barras Fecha visto por última vez Precio válido a partir de Tipo de ítem Koha
    Dewey Decimal Classification Excluido de préstamo   Patrimonio Dominicano Biblioteca Nacional Pedro Henríquez Ureña Biblioteca Nacional Pedro Henríquez Ureña Depósito 11.07.2025 Donación   xxx C719q 2025-6438 11.07.2025 11.07.2025 Libro

Con tecnología Koha